[Event "Challenge"]
[Site "http://www.queenalice.com/game.php?id=263947"]
[Date "2007.8.30"]
[Round "-"]
[White "Kronista"]
[Black "maikorech"]
[Result "0-1"]
[WhiteElo "1814"]
[BlackElo "1905"]

1. e4 e5 2. Nf3 Nc6 3. Bb5 a6 4. Ba4 Nf6 5. O-O Nxe4 6. Re1 Bc5 7. Rxe4 O-O 8.
Bxc6 dxc6 9. Nc3 f6 10. d3 b5 11. Be3 Be7 12. Nh4 f5 13. Rxe5 Bxh4 14. Qh5 Bf6
15. Rc5 Bd7 16. Re1 Qe7 17. a4 Bd4 18. b4 Bxc5 19. bxc5 f4 20. Bd2 Qf6 21. axb5
axb5 22. Ne4 Qf5 23. Ng5 h6 24. g4 fxg3 0-1

[Event "Challenge"]
[Site "http://www.queenalice.com/game.php?id=263950"]
[Date "2007.8.30"]
[Round "-"]
[White "maikorech"]
[Black "Kronista"]
[Result "1-0"]
[WhiteElo "1930"]
[BlackElo "1799"]

1. e3 d5 2. Ne2 e5 3. c3 Nc6 4. g3 Bc5 5. Bg2 Nge7 6. O-O Be6 7. b4 Bb6 8. d4
O-O 9. b5 Na5 10. dxe5 Nc4 11. e4 Nxe5 12. Ba3 Re8 13. Nf4 Qd7 14. Bxe7 Rxe7 15.
Nxe6 Rxe6 16. Bh3 f5 17. Bxf5 Rf8 18. Bxe6+ Qxe6 19. exd5 Qf6 20. Qe2 c6 21.
dxc6 bxc6 22. a4 Nf3+ 23. Kg2 cxb5 24. axb5 Ng5 25. f4 Ne6 26. Qc4 Kh8 27. Re1
Nc5 28. Nd2 Rd8 29. Nf3 Nd3 30. Qxd3 1-0

[Event "QA-ANNIV-03"]
[Site "http://www.queenalice.com/game.php?id=270155"]
[Date "2007.9.11"]
[Round "3"]
[White "maikorech"]
[Black "arvim"]
[Result "0-1"]
[WhiteElo "1922"]
[BlackElo "2101"]

1. e3 e5 2. g3 d5 3. Bg2 Nf6 4. Ne2 Bd6 5. O-O O-O 6. c3 Bg4 7. f3 Bh5 8. d4 e4
9. g4 exf3 10. Bxf3 Bxg4 11. Bxg4 Nxg4 12. h3 Qh4 13. Kg2 f5 14. Qb3 Nc6 15.
Qxd5+ Kh8 16. Nf4 Ne7 17. Qxb7 g5 18. hxg4 gxf4 19. exf4 Qxg4+ 20. Kf2 Rg8 21.
Qh1 Qg3+ 22. Ke2 Rae8 23. Kd1 Qd3+ 24. Nd2 Ng6 25. Rf3 Qe2+ 26. Kc2 Nxf4 27. Qf1
Qh2 28. Rf2 Qg3 29. Rf3 Qg4 30. b3 Nd5 31. Kb2 Ne3 32. Qd3 f4 33. Kb1 Qg1 34.
Nf1 Qh1 35. Rf2 Rg1 36. Rh2 Qe4 37. Qxe4 Rxe4 38. Nxe3 fxe3 39. Re2 h5 40. Kc2
h4 41. Bb2 Rxa1 42. Kd3 Re7 43. Bxa1 h3 44. c4 h2 45. Rxh2+ Bxh2 46. d5+ Be5 47.
Bxe5+ Rxe5 48. Ke2 Kg7 49. b4 Kf6 50. b5 Ke7 51. a4 Kd6 52. a5 Kc5 53. b6 cxb6
54. axb6 Kxb6 55. d6 a5 56. d7 Kc7 57. d8=Q+ Kxd8 0-1

[Event "Rafael VS Maikorech"]
[Site "http://www.queenalice.com/game.php?id=270728"]
[Date "2007.9.12"]
[Round "-"]
[White "Rafaelpimentel"]
[Black "maikorech"]
[Result "1/2-1/2"]
[WhiteElo "1846"]
[BlackElo "1941"]

1. Nf3 g6 2. d4 e6 3. b3 Bg7 4. Bb2 Ne7 5. Nbd2 O-O 6. e4 d5 7. e5 c5 8. c3 b6
9. Bd3 Nbc6 10. O-O Nf5 11. g4 Nfe7 12. h4 a5 13. Nh2 Ba6 14. Bxa6 Rxa6 15. f4
Qc7 16. Qe2 Raa8 17. Ndf3 a4 18. g5 a3 19. Bc1 Qb7 20. Ng4 Nf5 21. Be3 Ng3 22.
Qh2 Nxf1 23. Rxf1 cxd4 24. Nxd4 b5 25. Nf6+ Bxf6 26. gxf6 Nxd4 27. Bxd4 Rac8 28.
Qd2 h5 29. f5 Kh7 30. fxe6 fxe6 31. b4 Qf7 32. Qg5 Rc7 33. Rf2 Kg8 34. Rg2 Qh7
35. Qc1 Ra8 36. Rg5 Kf7 37. Qf1 Rc4 38. Qc1 Qh6 39. Kh2 Ra6 40. Kg3 Qf8 41. Qc2
Qh6 42. Qc1 Ra4 43. Qe3 Ra8 44. Qc1 Qf8 45. Qc2 Qg8 46. Qc1 Qf8 47. Qc2 1/2-1/2

[Event "Challenge"]
[Site "http://www.queenalice.com/game.php?id=273320"]
[Date "2007.9.18"]
[Round "-"]
[White "mateus_amorim"]
[Black "maikorech"]
[Result "0-1"]
[WhiteElo "1631"]
[BlackElo "1917"]

1. d4 e6 2. f4 g6 3. g3 Ne7 4. Bg2 Bg7 5. Nf3 O-O 6. O-O d5 7. e3 c5 8. c3 b6 9.
Ne5 Ba6 10. Rf2 Nd7 11. Bd2 Nxe5 12. fxe5 Qd7 13. Na3 f6 14. exf6 Rxf6 15. Rxf6
Bxf6 16. Rc1 Rf8 17. Rc2 Bg7 18. Bc1 Qa4 19. Rd2 Qc6 20. c4 cxd4 21. cxd5 exd5
22. exd4 Qf6 23. Qa4 Bf1 24. Qd1 Bh6 25. Qxf1 Be3+ 0-1

[Event "Challenge"]
[Site "http://www.queenalice.com/game.php?id=273323"]
[Date "2007.9.18"]
[Round "-"]
[White "maikorech"]
[Black "mateus_amorim"]
[Result "1-0"]
[WhiteElo "1937"]
[BlackElo "1679"]

1. g3 Nf6 2. e3 g6 3. Bg2 Bg7 4. Ne2 O-O 5. O-O e5 6. b3 d5 7. Ba3 Re8 8. d4
exd4 9. exd4 c6 10. c4 Be6 11. Nbc3 Qd7 12. Qd3 Na6 13. Rae1 Bf5 14. Qd2 Nc7 15.
Rd1 b5 16. cxb5 Nxb5 17. Bc5 a6 18. Na4 Rab8 19. Rfe1 Ne4 20. Qa5 Qc8 21. Nb6
Qb7 22. Na4 Bf6 23. Bb6 Bd8 24. Nc5 Bxb6 25. Nxb7 Bxa5 26. Nxa5 Nec3 27. Nxc3
Nxc3 28. Ra1 Rxe1+ 29. Rxe1 Nxa2 30. Nxc6 Rxb3 31. Bxd5 Rb2 32. Nd8 Be6 33. Nxe6
fxe6 34. Bxe6+ Kg7 35. Bc4 Nb4 36. Re7+ Kh6 37. Bg8 Nd3 38. h4 Kh5 39. Rxh7+ Kg4
40. Be6+ Kf3 41. Bd5+ Kg4 42. Rf7 Rb1+ 43. Kh2 Rf1 44. Bf3# 1-0

[Event "Challenge"]
[Site "http://www.queenalice.com/game.php?id=278775"]
[Date "2007.9.29"]
[Round "-"]
[White "maikorech"]
[Black "stress"]
[Result "1-0"]
[WhiteElo "1913"]
[BlackElo "1940"]

1. e3 e5 2. g3 d5 3. Bg2 c6 4. Ne2 Be7 5. O-O Nf6 6. c3 O-O 7. b4 a6 8. d4 e4 9.
a4 Ne8 10. Nd2 f5 11. Nb3 Be6 12. Nc5 Bxc5 13. bxc5 Nd7 14. a5 Nc7 15. Rb1 Nb5
16. Ra1 Rf6 17. Bb2 Qe7 18. Qd2 Raf8 19. Rfb1 g5 20. Ra4 R8f7 21. Rb4 Nf8 22.
Qc2 Ng6 23. Bc1 h5 24. R1b3 h4 25. Bh1 h3 26. Qa2 Qc7 27. Rb2 f4 28. exf4 gxf4
29. gxf4 Nxf4 30. Bxf4 Rxf4 31. Ng3 Rg4 32. R4b3 Rg5 33. Qa1 Qf4 34. Qe1 Bg4 35.
Qd2 Bf3 36. Qxf4 Rxf4 37. Rb4 Bxh1 38. Kxh1 Rf3 39. R4b3 Rd3 40. Rb1 Rg7 41. Ne2
Rd2 42. R3b2 Rd3 43. Rc1 Rf3 44. Ng1 Rxc3 45. Rxc3 Nxc3 46. Nxh3 Nb5 47. Rb1
Nxd4 48. Nf4 Rf7 49. Rg1+ Kh7 50. Rg4 Nb3 51. Ne6 Nxa5 52. Ng5+ Kg7 53. Nxf7+
Kxf7 54. Rg3 d4 55. Ra3 Nc4 56. Ra4 b5 57. cxb6 Nxb6 58. Rxd4 Ke6 59. Rb4 Nd5
60. Rxe4+ Kd6 61. h4 Nf6 62. Ra4 Nh5 63. Rxa6 Kd5 64. Kg2 c5 65. Kf3 Kd4 66. Rg6
c4 67. Kg4 1-0

[Event "Challenge"]
[Site "http://www.queenalice.com/game.php?id=278776"]
[Date "2007.9.29"]
[Round "-"]
[White "stress"]
[Black "maikorech"]
[Result "0-1"]
[WhiteElo "1962"]
[BlackElo "1886"]

1. e4 e5 2. Nf3 Nc6 3. Be2 Nf6 4. d3 Be7 5. O-O O-O 6. c3 d6 7. Nbd2 a5 8. Ne1
Be6 9. f4 exf4 10. Rxf4 d5 11. exd5 Bxd5 12. Rf2 Bc5 13. d4 Nxd4 14. cxd4 Bxd4
15. Nef3 Ba7 16. Ne5 Bxg2 17. Kxg2 Bxf2 18. Kxf2 Qd4+ 19. Kf1 Qxe5 20. Nf3 Qh5
21. Bf4 Rfe8 22. Bg3 Rad8 23. Qc2 Ne4 24. Kg2 Rd2 25. Qc4 Nd6 26. Nxd2 Rxe2+ 0-1

[Event "Challenge"]
[Site "http://www.queenalice.com/game.php?id=287581"]
[Date "2007.10.16"]
[Round "-"]
[White "blikinn"]
[Black "maikorech"]
[Result "0-1"]
[WhiteElo "1983"]
[BlackElo "1961"]

1. d4 e6 2. Bf4 g6 3. e3 Bg7 4. Nc3 Nf6 5. g4 d6 6. Be2 O-O 7. h4 Re8 8. h5 gxh5
9. g5 Nfd7 10. Bxh5 e5 11. Bxf7+ Kxf7 12. Qh5+ Kg8 13. Qxh7+ Kf8 14. dxe5 dxe5
15. Bg3 Qxg5 16. Nd5 Nf6 17. Nxf6 Qxf6 18. Bh4 Qf5 19. Qxf5+ Bxf5 20. O-O-O Nc6
21. f3 Bh6 22. Bf2 Kg7 23. c3 Rad8 24. Ne2 Rxd1+ 25. Rxd1 Rf8 26. Rg1+ Kh7 27.
Rh1 Be6 28. Ng1 Bxa2 29. Kc2 Bd5 30. Rh3 a5 31. b3 b5 32. Be1 Rg8 33. Rh1 Rg2+
34. Bd2 Bxb3+ 35. Kxb3 Rxd2 36. e4 a4+ 37. Ka3 Kg6 0-1

[Event "Challenge"]
[Site "http://www.queenalice.com/game.php?id=287582"]
[Date "2007.10.16"]
[Round "-"]
[White "maikorech"]
[Black "blikinn"]
[Result "1-0"]
[WhiteElo "1990"]
[BlackElo "1938"]

1. g3 d5 2. Bg2 Nf6 3. d4 h6 4. e3 Nbd7 5. Ne2 Nb6 6. O-O e6 7. c3 c5 8. dxc5
Bxc5 9. b4 Be7 10. Nd2 Qc7 11. e4 O-O 12. a4 Rd8 13. a5 Nc4 14. exd5 Nxd5 15.
Ra2 Ne5 16. Qc2 Nc4 17. Qe4 Nd6 18. Qd3 Nf5 19. Qc4 Qc6 20. Qxc6 bxc6 21. a6 Rb8
22. Nc4 Bf6 23. Rd1 Bd7 24. Na5 Rb6 25. Nb7 Rb8 26. Be4 Bc8 27. Bd2 Bxb7 28.
axb7 R6xb7 29. Rda1 Ra8 30. g4 Nd6 31. Bd3 Nb6 32. Ra6 Ndc4 33. Be1 Ne5 34. Be4
Nd5 35. f3 Ne7 36. Bf2 Nc8 37. f4 Nxg4 38. Bxc6 Rab8 39. Bxb7 Nxf2 40. Bxc8 Nh3+
41. Kg2 Nxf4+ 42. Nxf4 Rxc8 43. Ne2 Rd8 44. R1a2 1-0

[Event "AUTO-INT-478"]
[Site "http://www.queenalice.com/game.php?id=298812"]
[Date "2007.11.5"]
[Round "2"]
[White "reijf_Dornelas"]
[Black "maikorech"]
[Result "0-1"]
[WhiteElo "1881"]
[BlackElo "2014"]

1. e4 g6 2. d4 e6 3. Bd2 Bg7 4. Bc3 b6 5. d5 Nf6 6. dxe6 fxe6 7. Nf3 O-O 8. Bc4
Nxe4 9. Bxg7 Kxg7 10. Qd4+ Nf6 11. O-O Nc6 12. c3 Nxd4 13. Nxd4 d5 14. Nc6 Qd6
15. Bb5 a6 16. Ba4 Bd7 17. Nd2 Bxc6 18. Bxc6 Qxc6 19. Nf3 Qd6 20. h3 Qf4 21. Nd4
Rae8 22. Rae1 e5 23. Nc6 Ne4 24. Re3 Nd2 25. Rxe5 Nxf1 26. Kxf1 Qxf2# 0-1

[Event "AUTO-INT-478"]
[Site "http://www.queenalice.com/game.php?id=298813"]
[Date "2007.11.5"]
[Round "2"]
[White "maikorech"]
[Black "reijf_Dornelas"]
[Result "0-1"]
[WhiteElo "2040"]
[BlackElo "1667"]

1. g3 e5 2. Bg2 d5 3. e3 e4 4. Ne2 Nc6 5. O-O h5 6. c4 Bg4 7. cxd5 Qxd5 8. Nbc3
Qd3 9. Bxe4 Bxe2 10. Qxe2 Qxe2 11. Nxe2 O-O-O 12. Bxc6 bxc6 13. Nd4 c5 14. Nc6
Rd7 15. Nxa7+ Kb7 16. Nb5 Nf6 17. f3 Kb6 18. a4 c6 19. Na3 Ra7 20. Nc4+ Kc7 21.
a5 Nd5 22. b3 Nb4 23. Ne5 f6 24. Ng6 Rg8 25. Nf4 Nd5 26. Nxh5 g6 27. Nf4 Nxf4
28. gxf4 g5 29. fxg5 Rxg5+ 30. Kf2 Bd6 31. Bb2 Be5 32. Bxe5+ Rxe5 33. Rg1 Kd6
34. Rg6 Ke6 35. Rg4 Rh5 36. h4 Rd7 37. Ra2 Rb7 38. a6 Rxb3 39. a7 Rh8 0-1

[Event "AUTO-INT-478"]
[Site "http://www.queenalice.com/game.php?id=298816"]
[Date "2007.11.5"]
[Round "2"]
[White "maikorech"]
[Black "holandes"]
[Result "1-0"]
[WhiteElo "1945"]
[BlackElo "1583"]

1. e3 e5 2. g3 d5 3. Ne2 Nf6 4. Bg2 Bb4 5. O-O Nc6 6. d4 e4 7. c4 Be6 8. c5 b6
9. a3 bxc5 10. axb4 cxd4 11. Nxd4 Nxb4 12. Nxe6 fxe6 13. Qa4+ Nc6 14. Qxc6+ Ke7
15. Ra6 Qd6 16. Qa4 Qd7 17. Qa3+ Kf7 18. Nd2 h5 19. f3 exf3 20. Nxf3 Ng4 21.
Ne5+ 1-0

[Event "AUTO-INT-478"]
[Site "http://www.queenalice.com/game.php?id=298817"]
[Date "2007.11.5"]
[Round "2"]
[White "holandes"]
[Black "maikorech"]
[Result "0-1"]
[WhiteElo "1592"]
[BlackElo "1947"]

1. e4 g6 2. d4 e6 3. Nf3 Bg7 4. Be3 Ne7 5. Nc3 O-O 6. h4 d5 7. e5 c5 8. a3 Nbc6
9. Bf4 Nxd4 10. Nxd4 cxd4 11. Qxd4 Nc6 12. Qe3 d4 13. Qe4 dxc3 14. bxc3 Qa5 15.
Bd2 Bxe5 16. Qe3 Bg7 17. Be2 Ne7 18. h5 Nd5 19. Qd3 Bxc3 20. Bxc3 Nxc3 21. O-O
Rd8 22. Qe3 Nxe2+ 23. Qxe2 Qxh5 24. Qe1 Rd4 25. f3 Rh4 26. Kf2 Bd7 27. Ke3 Qc5+
28. Kd2 Qd4+ 29. Ke2 Bb5+ 0-1

[Event "Challenge"]
[Site "http://www.queenalice.com/game.php?id=304838"]
[Date "2007.11.16"]
[Round "-"]
[White "maikorech"]
[Black "lobo"]
[Result "1-0"]
[WhiteElo "1949"]
[BlackElo "1801"]

1. e3 e5 2. g3 d5 3. Bg2 e4 4. Ne2 Bg4 5. O-O Nf6 6. d3 Qe7 7. c4 dxc4 8. dxe4
Nc6 9. Nbc3 Rd8 10. Qc2 Ne5 11. f4 Nd3 12. e5 Nb4 13. Qa4+ Bd7 14. exf6 Qxf6 15.
Qxa7 Be7 16. Qxb7 Rc8 17. Rd1 Qe6 18. Nd5 Qd6 19. Nec3 Bg4 20. h3 Be6 21. Nb5
Qc5 22. Nbxc7+ Kf8 23. Nxe6+ fxe6 24. Nxe7 Rc7 25. Qb8+ Kxe7 26. Qxh8 Kf7 27.
Rd8 Nd3 28. Be4 Qe7 29. Qg8+ Kf6 30. Rf8+ Qxf8 31. Qxf8+ 1-0

[Event "AUTO-ADV-520"]
[Site "http://www.queenalice.com/game.php?id=307520"]
[Date "2007.11.21"]
[Round "2"]
[White "maikorech"]
[Black "Dollar"]
[Result "1-0"]
[WhiteElo "2037"]
[BlackElo "1704"]

1. e3 c5 2. g3 Nc6 3. Bg2 Nf6 4. Ne2 g6 5. O-O Bg7 6. c4 O-O 7. d4 cxd4 8. exd4
d5 9. b3 dxc4 10. bxc4 Bg4 11. Nbc3 Qc8 12. Ba3 Re8 13. Rb1 Rd8 14. Bxc6 Qxc6
15. Bxe7 Qf3 16. Bxd8 Rxd8 17. Rb3 Bh3 18. Nf4 Qxd1 19. Rxd1 Bf5 20. Rxb7 Ne4
21. Ncd5 Nd6 22. Rxa7 Nxc4 23. Ne7+ Kf8 24. Nxf5 gxf5 25. Ne2 Nb2 26. Rb1 Nc4
27. Rbb7 Nd6 28. Rd7 Rxd7 29. Rxd7 Ne4 30. Rd5 Ke7 31. Rxf5 Nd6 32. Rg5 Kf6 33.
Rh5 h6 34. a4 Ke6 35. a5 f5 36. a6 Nc8 37. Nf4+ Kf6 38. d5 Bf8 39. Ne6 Kg6 40.
Nxf8+ 1-0

[Event "AUTO-ADV-520"]
[Site "http://www.queenalice.com/game.php?id=307521"]
[Date "2007.11.21"]
[Round "2"]
[White "Dollar"]
[Black "maikorech"]
[Result "0-1"]
[WhiteElo "1934"]
[BlackElo "2025"]

1. c4 e6 2. g3 g6 3. Bg2 Bg7 4. Nf3 Ne7 5. O-O O-O 6. d4 d5 7. Bf4 dxc4 8. Nc3
Nbc6 9. Ne5 Qxd4 10. Nxc6 Nxc6 11. Bxc7 e5 12. Qxd4 Nxd4 13. Nd5 Nxe2+ 14. Kh1
e4 15. Bxe4 Re8 16. Bg2 Be6 17. Nb4 a5 18. Nc2 Bxb2 19. Rae1 Nc3 20. Be5 Bf5 21.
Nd4 Bd3 22. Bxb7 Bxf1 23. Bxa8 Rxa8 24. Rxf1 Nxa2 25. Rd1 Nb4 26. Nf3 Bxe5 27.
Nxe5 c3 28. Nc4 c2 29. Rc1 Rc8 30. Nxa5 Nd3 31. Nb3 Nxc1 32. Nxc1 Re8 33. Kg2
Re1 34. Nb3 Rb1 35. Nd2 Rb2 36. Nc4 Ra2 0-1

[Event "AUTO-ADV-520"]
[Site "http://www.queenalice.com/game.php?id=307522"]
[Date "2007.11.21"]
[Round "2"]
[White "maikorech"]
[Black "carlos31"]
[Result "1-0"]
[WhiteElo "1929"]
[BlackElo "1819"]

1. e3 e5 2. g3 d5 3. Ne2 Nf6 4. Bg2 c5 5. O-O Be6 6. d4 e4 7. c4 dxc4 8. Nd2 Bd5
9. Nc3 Qe7 10. Nxd5 Nxd5 11. Bxe4 Qe6 12. Qf3 Qf6 13. Bxd5 Qxf3 14. Nxf3 Nc6 15.
Bxc4 Be7 16. d5 Na5 17. Bb5+ Kf8 18. Bd2 b6 19. e4 Nb7 20. e5 f5 21. Rad1 Kf7
22. Bf4 Rhd8 23. d6 Bf8 24. e6+ Kxe6 25. Ng5+ Kf6 26. Rfe1 Kg6 27. Re6+ Kh5 28.
Be2# 1-0

[Event "AUTO-ADV-520"]
[Site "http://www.queenalice.com/game.php?id=307523"]
[Date "2007.11.21"]
[Round "2"]
[White "carlos31"]
[Black "maikorech"]
[Result "0-1"]
[WhiteElo "1807"]
[BlackElo "1951"]

1. e4 e5 2. Nf3 Nc6 3. Bb5 b6 4. O-O Bd6 5. c3 Nf6 6. Re1 O-O 7. d4 Qe7 8. Bxc6
dxc6 9. Bg5 Bg4 10. Qd3 Rfd8 11. h3 Bd7 12. Bxf6 Qxf6 13. dxe5 Bxe5 14. Nxe5
Qxe5 15. Nd2 Bxh3 16. Qxh3 Rxd2 17. Rab1 Qb5 18. Red1 Qe2 19. Rxd2 Qxd2 20. e5
Qc2 21. Re1 Qd2 22. Kf1 Re8 23. b4 Qxa2 24. Qd7 Qc4+ 25. Kg1 Rf8 26. Re3 a5 27.
Qxc7 axb4 28. cxb4 Qxb4 29. Qxc6 Qb1+ 30. Kh2 Qf5 31. e6 Qxf2 32. Qxb6 fxe6 33.
Qxe6+ Kh8 34. Rf3 Rxf3 35. Qg4 Rf5 36. Kh3 g6 37. Qe4 Rh5+ 38. Kg4 Rh4+ 0-1

[Event "AUTO-ADV-520"]
[Site "http://www.queenalice.com/game.php?id=307524"]
[Date "2007.11.21"]
[Round "2"]
[White "maikorech"]
[Black "alib2004"]
[Result "1-0"]
[WhiteElo "1978"]
[BlackElo "1887"]

1. e3 c5 2. g3 d5 3. Bg2 e6 4. Ne2 Nf6 5. O-O Be7 6. d4 O-O 7. b3 a6 8. c4 Nc6
9. cxd5 exd5 10. dxc5 Bxc5 11. Bb2 Ne4 12. Nf4 Nb4 13. a3 Nc6 14. Nxd5 Ng5 15.
b4 Ba7 16. Qh5 Bf5 17. Rd1 Bg6 18. Qg4 f5 19. Qh4 h6 20. Nf6+ Qxf6 21. Bxf6 Rxf6
22. Nc3 Ne5 23. Kh1 Rc8 24. Rac1 Ng4 25. Nd5 Nxf2+ 26. Kg1 Rxc1 27. Rxc1 Re6 28.
Kxf2 1-0

[Event "AUTO-ADV-520"]
[Site "http://www.queenalice.com/game.php?id=307525"]
[Date "2007.11.21"]
[Round "2"]
[White "alib2004"]
[Black "maikorech"]
[Result "0-1"]
[WhiteElo "1783"]
[BlackElo "1941"]

1. e4 d6 2. Bc4 Nf6 3. d3 c6 4. Nf3 Bg4 5. h3 Bh5 6. Bd2 d5 7. exd5 cxd5 8. Bb3
Nc6 9. g4 Bg6 10. Bc3 e6 11. Nbd2 Bd6 12. Nh4 d4 13. Bxd4 Nxd4 14. Nc4 Bf4 15.
Nxg6 hxg6 16. c3 Qd5 17. Rf1 Nf3+ 18. Ke2 Nh2 19. Ne3 Qf3+ 20. Kd2 Nxf1+ 21.
Qxf1 Rxh3 0-1

[Event "Tournamente FMV "]
[Site "http://www.queenalice.com/game.php?id=310621"]
[Date "2007.11.26"]
[Round "-"]
[White "Tonyc"]
[Black "maikorech"]
[Result "0-1"]
[WhiteElo "1848"]
[BlackElo "2004"]

1. e4 e6 2. d4 d5 3. e5 c5 4. c4 b6 5. Qf3 cxd4 6. cxd5 Qxd5 7. Qxd5 exd5 8. Nf3
Bc5 9. Bb5+ Bd7 10. Bxd7+ Nxd7 11. O-O Ne7 12. Nbd2 d3 13. a3 a5 14. b3 O-O 15.
Bb2 Ng6 16. Rac1 Rae8 17. Rfe1 Re7 18. h3 Rfe8 19. Kf1 Ngxe5 20. Nxe5 Nxe5 21.
Bxe5 Rxe5 22. Rxe5 Rxe5 23. Nf3 Re2 24. Kg1 Rb2 25. Nd4 d2 26. Rd1 Bxd4 27. Kf1
Bc3 28. Ke2 Rxb3 29. a4 Ra3 30. Kd3 d4 31. g4 Rxa4 32. f4 b5 33. f5 b4 34. Kc2
Ra1 35. Rxd2 Bxd2 36. Kxd2 b3 0-1

[Event "Totvs"]
[Site "http://www.queenalice.com/game.php?id=447468"]
[Date "2008.8.11"]
[Round "-"]
[White "Tonyc"]
[Black "maikorech"]
[Result "0-1"]
[WhiteElo "2016"]
[BlackElo "2012"]

1. Nc3 g6 2. e3 Bg7 3. d4 Nf6 4. Bc4 O-O 5. Nf3 d5 6. Bb3 Bg4 7. h3 Bxf3 8. Qxf3
c6 9. O-O Na6 10. a3 c5 11. Nxd5 Nd7 12. Nxe7+ Qxe7 13. Qxb7 Qd6 14. dxc5 Ndxc5
15. Bxf7+ Kh8 16. Qd5 Qe7 17. Qf3 Rab8 18. Qe2 Qxf7 19. c3 Qe6 20. Qc2 Qc4 21.
f3 Rfd8 22. Rb1 Qa4 23. Qxa4 Nxa4 24. b4 Nxc3 25. Rb3 Ne2+ 26. Kf2 Rbc8 27. Bb2
Rc2 28. Bxg7+ Kxg7 29. Rbb1 Nc3+ 30. Kg3 Nxb1 31. Rxb1 Rdd2 32. Rg1 Ra2 33. b5
Nc7 34. Kf4 Nxb5 35. g4 Rxa3 36. Rb1 Nc3 37. Rb7+ Kf6 38. g5+ Ke6 39. Rb4 Nd5+
0-1

[Event "Challenge"]
[Site "http://www.queenalice.com/game.php?id=470594"]
[Date "2008.9.30"]
[Round "-"]
[White "maikorech"]
[Black "rocha"]
[Result "1-0"]
[WhiteElo "2010"]
[BlackElo "1609"]

1. g3 b6 2. Bg2 c6 3. Nf3 f6 4. O-O Bb7 5. d3 d5 6. c4 d4 7. e3 c5 8. exd4 cxd4
9. Nxd4 Bxg2 10. Kxg2 Qxd4 11. Qf3 Qd6 12. Qxa8 Qc6+ 13. Qxc6+ Nxc6 14. Na3 e5
15. Nb5 Kd8 16. Be3 Kc8 17. f4 Kb7 18. fxe5 Nxe5 19. Rad1 g5 20. Bxg5 Ng4 21.
Bf4 Bc5 22. d4 Be7 23. h3 N4h6 24. d5 Nf7 25. d6 Bd8 26. b4 f5 27. c5 Nf6 28.
Nd4 Kc8 29. c6 Nxd6 30. Bxd6 Bc7 31. Ne6 Ne8 32. Be5 Nd6 33. Bxh8 b5 34. Be5 Ne8
35. Bxc7 Nxc7 36. Rd8# 1-0